Biblioteca

Secretos de la salud familiar. Instrucciones prácticas para vivir con salud y alegría, presentadas por especialistas de la salud / L. Acton-Hubbard...[et. al.]; Asociación Publicadora Interamericana, Editores, Sergio Collins, Traductor (Registro nro. 32554)

Detalles MARC
000 -LÍDER
Campo fijo de descripción fija 016150000a22002170004500
020 ## - NÚMERO INTERNACIONAL NORMALIZADO PARA LIBROS
Número Internacional Normalizado del libro 0-904748-34-0
041 0# - CÓDIGO DE IDIOMA
Código de idioma para texto/pista de sonido o título separado
082 04 - NÚMERO DE CLASIFICACIÓN DECIMAL DEWEY
Número de clasificación G 173 C8752s
001 - NÚMERO DE CONTROL
Campo de control 1231
245 10 - TÍTULO
Título del Material Secretos de la salud familiar. Instrucciones prácticas para vivir con salud y alegría, presentadas por especialistas de la salud / L. Acton-Hubbard...[et. al.]; Asociación Publicadora Interamericana, Editores, Sergio Collins, Traductor
250 ## - MENCIÓN DE EDICIÓN
Mención de edición 8
260 ## - PUBLICACIÓN, DISTRIBUCIÓN, ETC. (PIE DE IMPRENTA)
Lugar de publicación, distribución, etc. Florida, USA : Asociación Publicadora Interamericana
300 ## - DESCRIPCIÓN FÍSICA
Extensión 191 Pag.
336 ## - CONTENT TYPE
Content type term texto
Content type code txt
Source rdacontent
337 ## - MEDIA TYPE
Source rdamedia
Media type term sin mediación
Media type code n
338 ## - CARRIER TYPE
Source rdacarrier
Carrier type term volumen
Carrier type code nc
500 ## - NOTA GENERAL
Nota General Título original : A guide to family health
505 00 - NOTA DE CONTENIDO
Nota de contenido con formato preestablecido Las defensas del organismo -- el dolor de espalda -- no se deje destruir por las tensiones -- cómo dejar de fumar -- el hábito de fumar durante el embarazo -- el alcohol y el organismo humano -- uso y abuso de las drogas -- tratamientos caseros sencillos -- alimentos integrales -- su cuerpo necesita combustible de primera clase -- el latido del corazón -- cómo mantener el peso ideal -- cómo bajar de peso sin peligro -- cómo iniciar su programa de ejercicios -- cómo mantenerse en buen estado físico -- el embarazo y el parto -- un nuevo bebé en la familia -- la seguridad en el hogar -- cómo cuidar al niño enfermo -- preparación del niño para su hospitalización -- las alergias -- el sueño reparador -- forma correcta de respirar -- cómo cuidar la dentadura -- la salud de la persona total -- primeros auxilios
650 14 - ASIENTO SECUNDARIO DE MATERIA - TERMINO TEMÁTICO
Término temático o nombre geográfico como elemento de entrada SALUD - GUIAS \ FAMILIA
942 ## - TIPO DE MATERIAL (KOHA)
Tipo de Item KOHA Libros General
Existencias
Estado de Material Estado de Perdido Estado de Dañado No para Préstamo Colección Tomo Biblioteca de Origen Biblioteca Permanente Fecha de Adquisición Total de Préstamos Signatura Topográfica Código de Barras Última vez visto Ejemplar/Existencia Fecha de Remplazo Tipo de Material
        Colección General   Biblioteca FUSBC Biblioteca FUSBC 11/10/2004   G 173 C8752s 650 12/10/2022 1 26/01/2016 Libros General

Biblioteca FUSBC | Teléfono: (57+4) 349 88 10 Ext. 141| WhatsApp (+57) 3005338115 
E-mail: biblioteca@unisbc.edu.co | Calle 76 87-14 Robledo Palenque, Medellín, Colombia

Con tecnología Koha